[Event "URU-chTB"]
[Site "Uruguay"]
[Date "2017.07.08"]
[Round "3.1"]
[White "Pelaez, Diego"]
[Black "Muniz Castillo, Pablo"]
[Result "1/2-1/2"]
[WhiteElo "1702"]
[BlackElo "1722"]
[PlyCount "54"]
[EventDate "2017.07.07"]
[EventType "team-swiss"]
[EventRounds "5"]
[EventCountry "URU"]
[SourceTitle "EXT 2018"]
[Source "ChessBase"]
[SourceDate "2017.10.13"]
[SourceVersion "1"]
[SourceVersionDate "2017.10.13"]
[SourceQuality "1"]
[WhiteTeam "Cerro V"]
[BlackTeam "Enroque Largo II"]
[WhiteTeamCountry "URU"]
[BlackTeamCountry "URU"]

1. d4 Nf6 2. c4 c5 3. d5 b5 4. cxb5 a6 5. b6 d6 6. Nc3 Qxb6 7. e4 Nbd7 8. Nf3 g6 9. Be2 Bg7 10. h3 0-0 11. 0-0 a5 12. a4 Ba6 13. Rb1 Bxe2 14. Qxe2 Rfb8 15. Nb5 Ne8 16. Nd2 Ne5 17. b3 Nc7 18. Nxc7 Qxc7 19. f4 Nd7 20. Bb2 Bxb2 21. Rxb2 Nb6 22. Rfb1 Qa7 23. Nc4 Nxc4 24. bxc4 Rb4 25. Rxb4 cxb4+ 26. Kh2 Rc8 27. Qd3 Qc5 1/2-1/2